A pageant of longer poems (Record no. 26758)

MARC details
000 -LEADER
fixed length control field 00336nam a2200145Ia 4500
020 ## - INTERNATIONAL STANDARD BOOK NUMBER
ISBN 0-582-34828-5
100 ## - STATEMENT OF RESPONSIBILITY--MAIN AUTHOR NAME
Personal name Parker, E. W.
245 #2 - TITLE STATEMENT
Title A pageant of longer poems
260 ## - PUBLICATION, DISTRIBUTION, ETC. (IMPRINT)
Name of publisher Longman Group Ltd
260 ## - PUBLICATION, DISTRIBUTION, ETC. (IMPRINT)
Year of publication 1956
300 ## - PHYSICAL DESCRIPTION
Number of Pages 307 p
942 ## - ADDED ENTRY ELEMENTS (KOHA)
Koha item type Books
Holdings
Withdrawn status Lost status Source of classification or shelving scheme Damaged status Not for loan Permanent Location Current Location Date acquired Full call number Accession Number Price effective from Koha item type
    Library of Congress Classification     NILE UNIVERSITY OF NIGERIA - MAIN LIBRARY NILE UNIVERSITY OF NIGERIA - MAIN LIBRARY 04/23/2025 0001151 0001151 04/23/2025 Books